Puertos y Transportes Su aplicacin̤ en la Logistica /

Detalles Bibliográficos
Autor principal: Indaburu Linares, Cšar Hernando
Formato: eBook
Lenguaje:español
Publicado: Bogot:̀ Grupo Editorial Nueva Legislacin̤, 2021
Materias:
Acceso en línea:Acceso restringido

MARC

LEADER 00000nam a22000007a 4500
005 20211123201452.0
007 cr|||| ||||
008 211123s2021 co |||||s|||| 00||0 spa d
020 |a 978-958-48-9872-2 
035 |a 35440 
040 |a vLex 
090 |c 12677  |d 12677 
100 1 |a Indaburu Linares, Cšar Hernando 
245 1 0 |a Puertos y Transportes  |h [Recurso electrn̤ico] /  |b Su aplicacin̤ en la Logistica /  |c Cšar Hernando Indaburu Linares 
256 |a Servicio en ln̕ea 
260 |a Bogot:̀  |b Grupo Editorial Nueva Legislacin̤,  |c 2021 
300 |a 1 recurso electrn̤ico 
506 1 |a Disponible solo en los productos indicados  |d vLex Global  |d vLex Global (Academic Edition, excluding Law Schools)  |d vLex Global (U.S. Academic Edition, Law Schools)  |d vLex Global (U.S. Academic Edition, excluding Law Schools)  |d vLex Global (Academic Edition, Law Schools) 
650 0 4 |a Derecho Pb︢lico y Administrativo  |z Colombia 
740 0 |a vLex Libros (Servicio en ln̕ea) 
856 4 0 |u https://app.vlex.com/#/sources/35440  |z Acceso restringido 
942 |c BOOK 
999 0 |a Public and Administrative Law